Crime: arm of the law - Statistics

General Stats
  • This quiz has been taken 7 times
  • The average score is 3 of 18
Answer Stats
Hint Country % Correct
Prosecutor 2. Russia
71%
Judge 2. Russia
71%
Bonus: Most likely to get incarcerated if convicted in..? Russia
71%
Prosecutor 1. Colombia
29%
Prosecutor 3. Egypt
14%
Bonus: Most criminals per police officer in..? Finland
14%
Bonus: Prosecutors most likely to get you convicted in..? Finland
14%
Police 3. Kuwait
14%
Judge 4. Macedonia
14%
Police 4. Montenegro
14%
Prosecutor 5. Ukraine
14%
Police 1. Bahrain
0%
Police 2. Brunei
0%
Judge 3. Croatia
0%
Judge 5. Czech Rep.
0%
Prosecutor 4. Lithuania
0%
Police 5. Mauritius
0%
Judge 1. Slovenia
0%
No matching quizzes found
Score Distribution
Percent of People with Each Score
Percentile by Number Answered
Your Score History
You have not taken this quiz